<?xml version="1.0" encoding="UTF-8"?>
<collection xmlns="http://www.loc.gov/MARC21/slim">
<record>
  <controlfield tag="001">145398</controlfield>
  <controlfield tag="005">20241024135331.0</controlfield>
  <datafield tag="024" ind1="7" ind2=" ">
    <subfield code="2">doi</subfield>
    <subfield code="a">10.26754/ojs_zarch/zarch.2018113217</subfield>
  </datafield>
  <datafield tag="024" ind1="8" ind2=" ">
    <subfield code="2">sideral</subfield>
    <subfield code="a">140148</subfield>
  </datafield>
  <datafield tag="037" ind1=" " ind2=" ">
    <subfield code="a">ART-2018-140148</subfield>
  </datafield>
  <datafield tag="041" ind1=" " ind2=" ">
    <subfield code="a">spa</subfield>
  </datafield>
  <datafield tag="100" ind1=" " ind2=" ">
    <subfield code="a">Colón Mur, María Alegría</subfield>
    <subfield code="u">Universidad de Zaragoza</subfield>
    <subfield code="0">(orcid)0000-0002-6358-0597</subfield>
  </datafield>
  <datafield tag="245" ind1=" " ind2=" ">
    <subfield code="a">Reseña de libro: Frei Otto. Conversaciones con Juan María Songel</subfield>
  </datafield>
  <datafield tag="260" ind1=" " ind2=" ">
    <subfield code="c">2018</subfield>
  </datafield>
  <datafield tag="520" ind1="3" ind2=" ">
    <subfield code="a">Frei Otto, José María Songel. Frei Otto. Conversaciones con Juan Maria Songel. Editorial Gustavo Gili, S.L., Barcelona, 2008, 96 páginas. Idioma: castellano. Tapa blanda. ISBN 978-84-252-2205-4. Frei  (Libre)  Otto  (1925-2015)  tuvo  que  ser  ar-quitecto antes que estudiar arquitectura, para conseguir sobrevivir a un entorno devastado y a  la  vez  devastador  imaginando  cómo  cons-truir de nuevo un mundo (lleno de luz) y un es-pacio (en el que poder volar). Fue un arquitecto feliz (y libre)...</subfield>
  </datafield>
  <datafield tag="506" ind1="0" ind2=" ">
    <subfield code="a">Access copy available to the general public</subfield>
    <subfield code="f">Unrestricted</subfield>
  </datafield>
  <datafield tag="540" ind1=" " ind2=" ">
    <subfield code="9">info:eu-repo/semantics/openAccess</subfield>
    <subfield code="a">by-nc-nd</subfield>
    <subfield code="u">http://creativecommons.org/licenses/by-nc-nd/3.0/es/</subfield>
  </datafield>
  <datafield tag="592" ind1=" " ind2=" ">
    <subfield code="a">0.101</subfield>
    <subfield code="b">2018</subfield>
  </datafield>
  <datafield tag="593" ind1=" " ind2=" ">
    <subfield code="a">Urban Studies</subfield>
    <subfield code="c">2018</subfield>
    <subfield code="d">Q4</subfield>
  </datafield>
  <datafield tag="593" ind1=" " ind2=" ">
    <subfield code="a">Architecture</subfield>
    <subfield code="c">2018</subfield>
    <subfield code="d">Q4</subfield>
  </datafield>
  <datafield tag="655" ind1=" " ind2="4">
    <subfield code="a">info:eu-repo/semantics/other</subfield>
    <subfield code="v">info:eu-repo/semantics/publishedVersion</subfield>
  </datafield>
  <datafield tag="710" ind1="2" ind2=" ">
    <subfield code="1">5010</subfield>
    <subfield code="2">715</subfield>
    <subfield code="a">Universidad de Zaragoza</subfield>
    <subfield code="b">Unidad Predepartam. Arquitect.</subfield>
    <subfield code="c">Área Proyectos Arquitectónicos</subfield>
  </datafield>
  <datafield tag="773" ind1=" " ind2=" ">
    <subfield code="g">11 (2018), 210 [1 p.]</subfield>
    <subfield code="p">ZARCH</subfield>
    <subfield code="t">ZARCH</subfield>
    <subfield code="x">2341-0531</subfield>
  </datafield>
  <datafield tag="856" ind1="4" ind2=" ">
    <subfield code="s">3285923</subfield>
    <subfield code="u">http://zaguan.unizar.es/record/145398/files/texto_completo.pdf</subfield>
    <subfield code="y">Versión publicada</subfield>
  </datafield>
  <datafield tag="856" ind1="4" ind2=" ">
    <subfield code="s">4012976</subfield>
    <subfield code="u">http://zaguan.unizar.es/record/145398/files/texto_completo.jpg?subformat=icon</subfield>
    <subfield code="x">icon</subfield>
    <subfield code="y">Versión publicada</subfield>
  </datafield>
  <datafield tag="909" ind1="C" ind2="O">
    <subfield code="o">oai:zaguan.unizar.es:145398</subfield>
    <subfield code="p">articulos</subfield>
    <subfield code="p">driver</subfield>
  </datafield>
  <datafield tag="951" ind1=" " ind2=" ">
    <subfield code="a">2024-10-24-12:12:07</subfield>
  </datafield>
  <datafield tag="980" ind1=" " ind2=" ">
    <subfield code="a">ARTICLE</subfield>
  </datafield>
</record>
</collection>